Statistics for Which is Greatest? #3

Click here to take the quiz!

General Stats

  • This quiz has been taken 16 times
  • The average score is 9 of 20

Answer Stats

QuestionAnswer% Correct
The top speed of...A bullet from a Glock 17
80%
The number of...First moves in Chess
67%
The number of...Questions in this quiz
67%
Bulgarian casualties in...WW1
67%
The time...Between the birth and death of Adwaita the tortoise
60%
The number of...Teeth possessed by a snail
60%
The area of...المملكة العربية السعودية
47%
The average weight* of...Rhode Islands' state bird
47%
The highest recorded natural temperature of...Sweden
47%
The current population of...The Rhenish States (incl. Saarland)
47%
The height of...The tallest waterslide
47%
The length of time the city of Astana was named...Akmolinsk
40%
The cost of (in modern money)...Alaska (territory, 1867)
40%
The volume of...A sphere 1 kilometer in radius
40%
The Mohs hardness value of...Sapphire
33%
The length of...The year 1712 in Sweden
33%
The number of...Stations of the Paris Métro
27%
The mean apparent brightness (magnitude)** from Earth of...
20%
The number of...Nations with "united" in their full official name
20%
The length of...The Williamsburg Bridge (NYC)
20%

Score Distribution

Percentile by Number Answered

Percent of People with Each Score

Your Score History

You have not taken this quiz